Statystyki dla 100 najludniejszych miast w Unii Europejskiej

Kliknij tutaj aby rozwiązać quiz!

Ogólne statystyki

  • Ten quiz został rozwiązany 572 razy
  • Średni wynik to 61 z 100

Statystyki odpowiedzi

PaństwoMiastoPopulacja% Poprawnych
NiemcyBerlin3 613 495
99%
Wielka BrytaniaLondyn8 825 000
99%
PolskaWarszawa1 769 529
99%
HiszpaniaMadryt3 182 981
98%
FrancjaParyż2 206 488
98%
WłochyRzym2 865 234
98%
PolskaBydgoszcz352 313
96%
HiszpaniaBarcelona1 620 809
95%
PolskaKraków769 498
95%
AustriaWiedeń1 888 776
95%
RumuniaBukareszt1 877 155
94%
CzechyPraga1 294 513
94%
HolandiaAmsterdam859 732
92%
PolskaWrocław639 258
92%
NiemcyMonachium1 456 039
91%
GrecjaAteny664 046
90%
PolskaŁódź687 702
90%
SzwecjaSztokholm960 031
90%
BułgariaSofia1 290 502
89%
WęgryBudapeszt1 749 734
88%
PolskaGdańsk464 829
88%
PolskaPoznań537 643
88%
NiemcyHamburg1 830 584
87%
WłochyMediolan1 372 810
87%
ŁotwaRyga641 423
85%
ChorwacjaZagrzeb802 338
85%
IrlandiaDublin554 554
84%
FinlandiaHelsinki645 482
84%
Wielka BrytaniaManchester545 500
83%
WłochyNeapol962 495
83%
LitwaWilno536 692
83%
DaniaKopenhaga613 288
82%
PortugaliaLizbona506 892
82%
FrancjaMarsylia861 635
80%
PolskaSzczecin403 833
79%
Wielka BrytaniaLiverpool491 500
78%
WłochyTuryn878 074
78%
EstoniaTallinn440 702
77%
SłowacjaBratysława429 564
74%
NiemcyDortmund586 600
74%
FrancjaLyon513 275
74%
NiemcyFrankfurt746 878
73%
NiemcyKolonia1 080 394
73%
HolandiaRotterdam641 326
72%
PolskaLublin339 850
71%
HiszpaniaWalencja787 808
71%
HiszpaniaSewilla689 434
70%
Wielka BrytaniaGlasgow621 020
68%
Wielka BrytaniaBirmingham1 137 100
65%
NiemcyLipsk581 980
63%
HolandiaHaga534 158
62%
Wielka BrytaniaEdynburg513 210
61%
WłochyPalermo666 214
61%
GrecjaSaloniki315 196
61%
HiszpaniaBilbao345 110
59%
NiemcyDrezno551 072
58%
CzechyBrno379 527
55%
WłochyFlorencja381 512
55%
NiemcyBrema568 006
54%
WłochyGenua578 710
52%
NiemcyStuttgart632 743
52%
BelgiaAntwerpia523 248
50%
Wielka BrytaniaLeeds784 800
50%
NiemcyDüsseldorf617 280
49%
SzwecjaGöteborg590 580
49%
HiszpaniaMalaga569 002
48%
Wielka BrytaniaCardiff362 756
47%
NiemcyHanower535 061
47%
FrancjaNicea342 637
46%
WłochyBolonia390 294
45%
NiemcyNorymberga515 201
44%
BułgariaWarna348 058
41%
NiemcyBonn325 490
40%
HiszpaniaSaragossa664 938
40%
Wielka BrytaniaBelfast340 200
39%
NiemcyEssen583 393
39%
FrancjaTuluza471 941
39%
WłochyBari322 018
37%
Wielka BrytaniaSheffield577 800
31%
RumuniaKluż-Napoka324 576
29%
Wielka BrytaniaBristol459 300
28%
Wielka BrytaniaLeicester329 839
27%
HolandiaUtrecht349 234
27%
WłochyKatania312 129
26%
HiszpaniaMurcja443 243
26%
Wielka BrytaniaNottingham321 500
26%
BułgariaPłowdiw368 983
26%
HiszpaniaAlicante329 988
23%
NiemcyBochum365 529
22%
NiemcyDuisburg498 110
22%
RumuniaTimișoara319 279
21%
NiemcyBielefeld332 552
20%
HiszpaniaKordoba325 916
18%
HiszpaniaLas Palmas395 688
18%
HiszpaniaPalma de Mallorca434 516
18%
NiemcyWuppertal353 590
17%
RumuniaJassy378 871
16%
NiemcyMünster313 559
16%
Wielka BrytaniaCoventry360 100
13%
Wielka BrytaniaBradford529 879
10%

Rozkład punktacji

Percentyl według liczby udzielonych odpowiedzi

Procent ludzi z każdym wynikiem

Twoja historia wyników

Nie rozwiązałeś tego quizu